Attrazioni turistiche regione per regione #1 - Statistics

Statistiche generali
  • Questo quiz è stato fatto 110 volte
  • Il punteggio medio è 16 su 20
Statistiche sulle risposte
Hint Risposta % Corretto
Lago di Como LOMBARDIA
98%
Parco Nazionale del Vesuvio CAMPANIA
95%
Parco dell'Etna SICILIA
95%
Parco Nazionale delle Cinque Terre LIGURIA
91%
Parco Nazionale dell'Arcipelago della Maddalena SARDEGNA
89%
Parco Nazionale del Gargano PUGLIA
86%
Parco Nazionale del Gran Sasso ABRUZZO
84%
Parco Nazionale della Sila CALABRIA
84%
Lago di Braies TRENTINO ALTO ADIGE
84%
Parco Nazionale del Circeo LAZIO
82%
Piccole Dolomiti lucane BASILICATA
80%
Val di Cogne VALLE D'AOSTA
80%
Valli di Comacchio EMILIA ROMAGNA
72%
Parco dei Colli Euganei VENETO
68%
Cascata delle Marmore UMBRIA
64%
Val d'Orcia TOSCANA
63%
Isola di San Giulio - Lago d’Orta PIEMONTE
62%
Grotte di Frasassi MARCHE
61%
Riserva Naturale delle Falesie di Duino FRIULI VENEZIA GIULIA
60%
Parco Archeologico di Sepino MOLISE
56%
Nessun quiz corrispondente trovato
Distribuzione punteggi
Percentuale di utenti per punteggio
Percentile per numero di risposta
I tuoi punteggi nel tempo
Non hai fatto questo quiz